| 000 | 00544nam a2200157 a 4500 | ||
|---|---|---|---|
| 001 | 000029288 | ||
| 005 | 20200930055442.0 | ||
| 008 | 110414s2001 dr ac 000 0 spa d | ||
| 040 |
_aDO-SdBNP _bspa _cBNPHU |
||
| 082 |
_axxxx _bB142i |
||
| 100 | 1 |
_aBáez González, Victor Manuel _956171 |
|
| 245 | 1 | 3 |
_aLa industria azucarera y la situación de los bateyes en la República Dominicana / _cVictor Manuel Báez González /. |
| 260 |
_aSanto Domingo : _bTalleres gráficos de dominicana, _c2001. |
||
| 300 |
_a44 p. : _bil., retrs. |
||
| 049 | _aBNPD | ||
| 999 |
_c28780 _d28780 |
||